Доба "ізмів": модернізм та авангардизм у західноєвропейській літературі першої половини ХХ століття (Запис № 399322)

МАРК-запис
000 -Лідер
fixed length control field 01472nam a22002657a 4500
003 - Ідентифікатор контрольного номера
control field UA-OsUOA
001 - Контрольний номер
control field 113465
007 - Фіксоване поле фізичного опису
fixed length control field ta
008 - Елементи даних фіксованої довжини – загальна інформація
fixed length control field 20150910b un ||||| |||| 00| 0 ukr d
090 ## - Локальний шифр розміщення
Класифікаційний індекс УДК 82.02"19"(4)
Авторський знак (НП) В68
040 ## - Джерело каталогізації
Агенція оригінальної каталогізації UA-OsUOA
Мова каталогізації ukr
Агенція, яка здійснювала перезапис UA-OsUOA
Агенція, яка здійснювала модифікацію UA-OsUOA
041 ## - Код мови
Код мови тексту/ звукової доріжки чи окремого заголовка (П) ukr
080 ## - Індекс Універсальної десяткової класифікації
Індекс Універсальної десяткової класифікації (УДК) (НП) 82.02"19"(4)
020 ## - Міжнародний стандартний книжковий номер (ISBN)
Міжнародний стандартний книжковий номер (ISBN) (НП) 978-966-360-275-2
100 ## - Основне введення – ім’я особи
Ім’я особи (НП) Волощук Є. В.
245 ## - Відомості про назву
Назва (НП) Доба "ізмів": модернізм та авангардизм у західноєвропейській літературі першої половини ХХ століття
Дані про відповідальність (НП) Б. Бігун
260 ## - Публікація, розповсюдження і т.п. (Вихідні дані)
Місце публікації, розповсюдження і т.п. (П) К.
Ім’я/ наймення видавництва, розповсюджувача і т.п. (П) Академперіодика
Дата публікації, розповсюдження і т.п. (П) 2014
300 ## - Фізичний опис
Обсяг 324 с.
520 3# - Резюме і т.п.
Резюме, реферат, анотація, тощо (НП) ЗМІСТ1. Доба "ізмів" у теоретичній та історико-літературній рефлексії1.1 Відкриті питання модернознавства1.2 Модернізм, авангардизм та інші "ізми"1.3 Нон-класична естетична парадигма2. Літературні портрети класиків доби "ізмів"2.1 Пульс по
520 3# - Резюме і т.п.
Резюме, реферат, анотація, тощо (НП) езії модерну2.2 Нові обрії модерністської прози2.3 Історичні підсумки модерну в літературі "Після Освенцима"
650 #7 - Додаткове предметне введення – тематичний термін
Тематичний термін чи географічна назва, як елемент введення (НП) 82 Література. Літературознавство
Джерело заголовка чи терміна UDC
942 ## - Додаткові елементи входу (Коха)
Тип елемента Koha Книги
955 ## - Код типу видання за змістом
Код типу видання за змістом (НП) Наукові видання
Фонди
Стан вилучень Стан втрат Джерело класифікації або схеми стелажів Стан уражень Не для кредиту Постійне місце розташування Поточне розміщення Дата придбання Джерело придбання Вартість, звичайна ціна покупки Інвентарний номер Усього замовленно Штрих-код Дата останнього перегляду Ціна ефективна від Тип елемента Koha
    Universal Decimal Classification     АБ - Абонемент НБ АБ - Абонемент НБ 10/09/2015 36/2015 25.00 148889   148889 10/02/2022 10/09/2015 Книги
    Universal Decimal Classification     ЧЗ - Читальна зала ЧЗ - Читальна зала 10/09/2015 36/2015 25.00 148887   148887 09/02/2022 10/09/2015 Книги
    Universal Decimal Classification     ЧЗ - Читальна зала ЧЗ - Читальна зала 10/09/2015 36/2015 25.00 148888   148888 09/02/2022 10/09/2015 Книги
    Universal Decimal Classification     ЧЗ - Читальна зала ЧЗ - Читальна зала 17/11/2016 43/2016 27.00 152566   152566 09/02/2022 10/09/2015 Книги
    Universal Decimal Classification     ЧЗ - Читальна зала ЧЗ - Читальна зала 22/12/2016 58/2016 281.00 152945   152945 09/02/2022 10/09/2015 Книги